| 000 | 00000nam 2200000zi 4500 |
| 001 | 9.890980 |
| 003 | CaOODSP |
| 005 | 20221107172743 |
| 006 | m o d f |
| 007 | cr |n||||||||| |
| 008 | 200828t20202020oncb ob f|0| 0 fre d |
| 040 | |aCaOODSP|bfre|erda|cCaOODSP |
| 043 | |an-cn-qu |
| 086 | 1 |aFs70-5/2020-034F-PDF |
| 100 | 1 |aGavrilchuk, Katherine, |eauteur. |
| 245 | 14|aUne approche mécanistique à la prédiction de l’habitat favorable à l’alimentation des femelles sexuellement matures de baleine noire de l’Atlantique Nord dans le golfe du Saint-Laurent / |cKatherine Gavrilchuk, Véronique Lesage, Sarah Fortune, Andrew W. Trites, and Stéphane Plourde. |
| 264 | 1|aOttawa (Ontario) : |bSecrétariat canadien de consultation scientifique (SCCS), |c2020. |
| 264 | 4|c©2020 |
| 300 | |a1 ressource en ligne (iv, 49 pages) : |bcartes. |
| 336 | |atexte|btxt|2rdacontent/fre |
| 337 | |ainformatique|bc|2rdamedia/fre |
| 338 | |aressource en ligne|bcr|2rdacarrier/fre |
| 490 | 1 |aDocument de recherche, |x2292-4272 ; |v2020/034 |
| 500 | |aPublié aussi en anglais sous le titre : A mechanistic approach to predicting suitable foraging habitat for reproductively mature North Atlantic right whales in the Gulf of St. Lawrence. |
| 504 | |aComprend des références bibliographiques (page 15-23). |
| 650 | 6|aBaleine des Basques|xAlimentation|zSaint-Laurent, Golfe du. |
| 710 | 2 |aSecrétariat canadien de consultation scientifique, |eorganisme de publication. |
| 710 | 1 |aCanada. |bMinistère des pêches et des océans. |bRégion du Québec, |eorganisme de publication. |
| 775 | 08|tA mechanistic approach to predicting suitable foraging habitat for reproductively mature North Atlantic right whales in the Gulf of St. Lawrence / |w(CaOODSP)9.890978 |
| 830 | #0|aDocument de recherche (Secrétariat canadien de consultation scientifique)|v2020/034.|w(CaOODSP)9.503788 |
| 856 | 40|qPDF|s7.62 Mo|uhttps://publications.gc.ca/collections/collection_2020/mpo-dfo/fs70-5/Fs70-5-2020-034-fra.pdf |